Child and adolescent development for educators / (Record no. 15588)
[ view plain ]
| 000 -LEADER | |
|---|---|
| fixed length control field | 00540cam a2200193 a 4500 |
| 020 ## - INTERNATIONAL STANDARD BOOK NUMBER | |
| ISBN | 0070412979 (acidfree paper) |
| 040 ## - CATALOGING SOURCE | |
| Transcribing agency | DLC |
| 082 00 - DEWEY DECIMAL CLASSIFICATION NUMBER | |
| Classification number | 370 MCG 1997 A078 Or. |
| 100 1# - MAIN ENTRY--AUTHOR NAME | |
| Personal name | Meece, Judith L. |
| 245 10 - TITLE STATEMENT | |
| Title | Child and adolescent development for educators / |
| 260 ## - PUBLICATION, DISTRIBUTION, ETC. (IMPRINT) | |
| Place of publication | New York : |
| Name of publisher | McGraw-Hill, |
| Year of publication | c1997. |
| 300 ## - PHYSICAL DESCRIPTION | |
| Number of Pages | xvi, 479 p. : |
| Other physical details | ill. ; |
| Dimensions | 23 cm. |
| 650 #0 - SUBJECT ADDED ENTRY--TOPICAL TERM | |
| Topical Term | Child development. |
| 650 #0 - SUBJECT ADDED ENTRY--TOPICAL TERM | |
| Topical Term | Adolescence. |
| 650 #0 - SUBJECT ADDED ENTRY--TOPICAL TERM | |
| Topical Term | Constructivism (Education) |
| 650 #0 - SUBJECT ADDED ENTRY--TOPICAL TERM | |
| Topical Term | Cognition in children. |
| 650 #0 - SUBJECT ADDED ENTRY--TOPICAL TERM | |
| Topical Term | Children |
| 942 ## - ADDED ENTRY ELEMENTS (KOHA) | |
| Koha item type | សៀវភៅភាសាអង់គ្លេស |
| 952 ## - LOCATION AND ITEM INFORMATION (KOHA) | |
| Withdrawn status [LOCAL, KOHA] | 0 |
| Permanent Location | Date acquired | Koha item type | Lost status | Shelving location | Barcode | Current Location | Full call number |
|---|---|---|---|---|---|---|---|
| Library Block A | 2017-12-04 | សៀវភៅភាសាអង់គ្លេស | A078 | A14931 | Library Block A | 370 MCG 1997 A078 Or. |